Statistics for World Capitals Containing P - Three Minute Sprint

Click here to take the quiz!

General Stats

  • This quiz has been taken 485 times
  • The average score is 23 of 34

Answer Stats

capital% Correct
Paris
88%
Port-au-Prince
86%
Pyongyang
85%
Port-of-Spain
84%
Pristina
83%
Paramaribo
81%
Podgorica
81%
Port Moresby
81%
Prague
81%
Port Louis
80%
Porto-Novo
80%
Panama City
78%
Phnom Penh
78%
Praia
78%
Port Vila
76%
Pretoria
75%
Apia
69%
Belmopan
65%
Copenhagen
65%
Palikir
65%
Budapest
64%
Maputo
62%
La Paz
60%
Tegucigalpa
56%
Skopje
54%
Tripoli
54%
Thimphu
53%
Cape Town
48%
Taipei
48%
Singapore
47%
Kampala
46%
Kuala Lumpur
46%
Naypyidaw
43%
Sri Jayawarde-
napura Kotte
27%

Score Distribution

Percentile by Number Answered

Percent of People with Each Score

Your Score History

You have not taken this quiz